Estudio y comprensión de la naturaleza. 7§ año básico. Guía didáctica para el profesor

Saved in:
Bibliografiske detaljer
Hovedforfatter: Espinosa Inostroza, Myriam (Author)
Format: Bog
Sprog:spansk
Udgivet: Santiago Norma 2007
Fag:
Tags: Tilføj Tag
Ingen Tags, Vær først til at tagge denne postø!

MARC

LEADER 00000nam a2200000 a 4500
001 UCI5624
003 CL-VaPUC
008 080404e20070000CL |||||||||||||||||spa|d
020 |a 9789563001471 
082 0 4 |a 372.357  |b ESP  |2 21 
100 0 |a Espinosa Inostroza, Myriam  |e author  |9 528161 
245 1 0 |a Estudio y comprensión de la naturaleza. 7§ año básico. Guía didáctica para el profesor 
300 |a 110+207 p 
942 |c BK 
945 |d 20080404 00:00:00  |a rbrito 
260 |a Santiago  |b Norma  |c 2007 
500 |a Incluye texto para el estudiante 
650 0 |a Enseñanza de las ciencias  |9 331919 
650 0 |a Ciencias naturales  |9 260542 
650 0 |a Métodos de enseñanza  |9 270413 
650 0 |a Educación básica   |9 224933 
583 |a last modification  |c 20171004 12:17:27  |k Rodrigo Vera 
999 |c 329364  |d 329362 
952 |0 0  |1 0  |4 0  |6 372_357000000000000_ESP_2007  |7 0  |8 A  |9 413924  |a BIBEDU  |b BIBEDU  |d 2019-11-22  |i 4421760  |l 1  |o 372.357 ESP 2007  |p 4421760  |r 2023-11-16  |s 2023-11-16  |w 2019-11-22  |y BK  |k EDU